[Event "32nd Rilton Cup"]
[Site "Stockholm SWE"]
[Date "2002.12.30"]
[Round "4.13"]
[White "Trygstad, Kristian"]
[Black "Popov, Valery"]
[Result "1/2-1/2"]
[WhiteElo "2299"]
[BlackElo "2568"]
[EventDate "2002.12.27"]
[PlyCount "78"]

1.e4 c5 2.Nf3 d6 3.d4 Nf6 4.Nc3 cxd4 5.Nxd4 a6 6.Be3 e5 7.Nb3 Be6 8.f4 
exf4 9.Bxf4 Nc6 10.Qe2 Be7 11.h3 Nd7 12.O-O-O Nde5 13.g4 Bg5 14.Qd2 Bxf4 
15.Qxf4 Qc7 16.Rh2 O-O 17.Kb1 b5 18.Rhd2 Rfd8 19.g5 Rab8 20.Nd5 Bxd5 21.
exd5 Ne7 22.Bd3 a5 23.Nd4 Nxd3 24.Rxd3 Nxd5 25.Qe4 Qb7 26.Ne2 Re8 27.Qxd5 
Qxd5 28.Rxd5 Rxe2 29.Rxd6 h6 30.g6 fxg6 31.Rxg6 Kh7 32.Rg3 Rc8 33.a4 Rcxc2
34.Rd7 Rxb2+ 35.Kc1 Kg8 36.Rgxg7+ Kf8 37.Rh7 Ke8 38.Rc7 Kd8 39.Rcd7+ Ke8 
1/2-1/2

[Event "32nd Rilton Cup"]
[Site "Stockholm SWE"]
[Date "2002.12.30"]
[Round "4.14"]
[White "Johansen, Terje"]
[Black "Djurhuus, Rune"]
[Result "0-1"]
[WhiteElo "2267"]
[BlackElo "2479"]
[EventDate "2002.12.27"]
[PlyCount "130"]

1.d4 d6 2.Nf3 f5 3.Nc3 Nf6 4.Bg5 Nbd7 5.Qd3 g6 6.e4 fxe4 7.Nxe4 Bg7 8.Ng3 
c5 9.Qd2 Qb6 10.c3 cxd4 11.cxd4 O-O 12.Bc4+ d5 13.Bd3 e5 14.Nxe5 Qxd4 15.
Nf3 Re8+ 16.Be3 Qa4 17.O-O Ng4 18.Bc2 Qb5 19.Bd4 Nde5 20.Nxe5 Nxe5 21.Bb3 
Be6 22.Bxe5 Bxe5 23.Rfe1 Bf7 24.Rad1 Rad8 25.f4 Bg7 26.Rxe8+ Qxe8 27.Re1 
Qc6 28.f5 Qf6 29.Qa5 gxf5 30.Rf1 f4 31.Ne2 Qb6+ 32.Qxb6 axb6 33.Rxf4 Bxb2 
34.Nd4 Bc1 35.Rg4+ Kf8 36.Kf2 Re8 37.Nc2 Bg6 38.Rg3 Bd2 39.Rf3+ Kg7 40.Nd4
Be4 41.Nf5+ Kg6 42.Nd6 Bxf3 43.Nxe8 Bg4 44.h3 Bd7 45.Nc7 d4 46.Nd5 Bb5 47.
Nxb6 Be3+ 48.Kf3 Bg5 49.a4 Bc6+ 50.Bd5 Bxd5+ 51.Nxd5 Kf5 52.Nb4 Ke5 53.g3 
Be7 54.Nd3+ Kd5 55.g4 Bg5 56.Nb2 b6 57.Nd3 Be3 58.h4 Kc4 59.Ne5+ Kb3 60.
Nd7 d3 61.Kxe3 Kc2 62.Nxb6 d2 63.Kd4 d1=Q+ 64.Kc5 Qxg4 65.a5 Qxh4 0-1

[Event "32nd Rilton Cup"]
[Site "Stockholm SWE"]
[Date "2002.12.30"]
[Round "4.19"]
[White "Couso, Luis"]
[Black "Nygren, Kim"]
[Result "0-1"]
[WhiteElo "2355"]
[BlackElo "2202"]
[EventDate "2002.12.27"]
[PlyCount "96"]

1.Nf3 c5 2.c4 Nc6 3.g3 g6 4.Bg2 Bg7 5.O-O e5 6.Nc3 Nge7 7.d3 O-O 8.Ne1 d6 
9.Nc2 a5 10.Rb1 Be6 11.Ne3 Qd7 12.Ned5 Ra6 13.Qa4 Nf5 14.Bd2 h5 15.Ne4 f6 
16.f4 Nfd4 17.fxe5 Nxe5 18.Qxd7 Nxe2+ 19.Kf2 Bxd7 20.Kxe2 Bg4+ 21.Kf2 f5 
22.Ng5 Nxd3+ 23.Kg1 Bd4+ 24.Kh1 Be2 25.Nc7 Bxf1 26.Bd5+ Kh8 27.Rxf1 Rb6 
28.b3 a4 29.Nce6 Ra8 30.Nf7+ Kh7 31.Bh6 Nb4 32.Neg5+ Kg8 33.Be6 Re8 34.Re1
Nd3 35.Re2 Bg7 36.Nxd6+ Rxe6 37.Rxe6 Bxh6 38.Rxg6+ Bg7 39.Ne6 Rxd6 40.
Rxg7+ Kh8 41.Re7 a3 42.Re8+ Kh7 43.Nc7 Nf2+ 44.Kg1 Rd2 45.Nb5 Nh3+ 46.Kh1 
f4 47.Nxa3 f3 48.Re1 Rg2 0-1

[Event "32nd Rilton Cup"]
[Site "Stockholm SWE"]
[Date "2002.12.30"]
[Round "4.20"]
[White "Lehtinen, Hekki"]
[Black "Persson, Lars"]
[Result "1-0"]
[WhiteElo "2332"]
[BlackElo "2108"]
[EventDate "2002.12.27"]
[PlyCount "49"]

1.c4 e6 2.g3 d5 3.Bg2 Nf6 4.Nf3 Be7 5.O-O O-O 6.d4 Ne4 7.Ne5 f5 8.Nc3 c6 
9.f3 Nxc3 10.bxc3 Qa5 11.Qb3 Qc7 12.e4 fxe4 13.fxe4 Rxf1+ 14.Kxf1 dxc4 15.
Qxc4 b6 16.Kg1 Qd6 17.Bh3 b5 18.Qf1 Bf6 19.Ng4 Be7 20.Bf4 Qa3 21.Qf3 Nd7 
22.Rf1 Nf8 23.Bh6 gxh6 24.Qf7+ Kh8 25.Nxh6 1-0

[Event "32nd Rilton Cup"]
[Site "Stockholm SWE"]
[Date "2002.12.30"]
[Round "4.21"]
[White "Andersson, Rikard"]
[Black "Von Bahr, Oskar"]
[Result "0-1"]
[WhiteElo "2175"]
[BlackElo "2320"]
[EventDate "2002.12.27"]
[PlyCount "56"]

1.e4 c5 2.Nf3 d6 3.c3 Nf6 4.Bd3 b6 5.O-O Bb7 6.Re1 e6 7.Bc2 Be7 8.d4 O-O 
9.Nbd2 cxd4 10.Nxd4 Nbd7 11.Nf1 a6 12.Ng3 Qc7 13.Bg5 h6 14.Bxf6 Nxf6 15.
Re3 Rfe8 16.Nh5 g6 17.Rg3 Nxh5 18.Qxh5 Bg5 19.Qg4 e5 20.Nf5 gxf5 21.exf5 
Kf8 22.h4 Bf6 23.Rd1 Ke7 24.Bb3 Rg8 25.Qh5 d5 26.Rxd5 Rxg3 27.Rd7+ Kxd7 
28.Qxf7+ Kc8 0-1

[Event "32nd Rilton Cup"]
[Site "Stockholm SWE"]
[Date "2002.12.30"]
[Round "4.23"]
[White "Timmermans, Ivo"]
[Black "Ivanov, Sergei"]
[Result "0-1"]
[WhiteElo "2180"]
[BlackElo "2561"]
[EventDate "2002.12.27"]
[PlyCount "78"]

1.e4 e6 2.d4 d5 3.Nc3 Bb4 4.e5 Ne7 5.a3 Bxc3+ 6.bxc3 c5 7.Nf3 b6 8.a4 Ba6 
9.Bxa6 Nxa6 10.O-O h6 11.Qe2 Nb8 12.Ba3 Nd7 13.c4 dxc4 14.dxc5 bxc5 15.
Qxc4 O-O 16.Rab1 Qc7 17.Rfe1 Rab8 18.Rb3 Rfd8 19.h4 Nc6 20.Rc3 Qa5 21.Re4 
Rb1+ 22.Kh2 Nb4 23.Rb3 Rxb3 24.cxb3 Nd5 25.h5 Rb8 26.Re2 Qc3 27.Rc2 Qxc4 
28.Rxc4 Rxb3 29.Bxc5 a5 30.Bd6 N5b6 31.Rc7 Rb2 32.Ra7 Rxf2 33.Rxa5 Ra2 34.
Bc5 Nxc5 35.Rxc5 Rxa4 36.Kg3 Nd5 37.Rc8+ Kh7 38.Rb8 Nf4 39.Rb7 Nxh5+ 0-1

[Event "32nd Rilton Cup"]
[Site "Stockholm SWE"]
[Date "2002.12.30"]
[Round "4.24"]
[White "Henriksson, Jacob"]
[Black "Kovalevskaya, Ekaterina"]
[Result "0-1"]
[WhiteElo "2161"]
[BlackElo "2466"]
[EventDate "2002.12.27"]
[PlyCount "58"]

1.d4 Nf6 2.c4 d6 3.Nf3 Nbd7 4.Nc3 e5 5.dxe5 dxe5 6.g3 c6 7.Bg2 Be7 8.O-O 
O-O 9.a3 a5 10.Rb1 Qc7 11.b4 axb4 12.axb4 Nb6 13.c5 Nbd5 14.Nxd5 cxd5 15.
Bb2 d4 16.e3 Bg4 17.h3 Bf5 18.Ra1 Rxa1 19.Qxa1 dxe3 20.fxe3 e4 21.Nd4 Bxh3
22.Rf4 Bd7 23.Qe1 Qe5 24.Bc3 Qd5 25.Qf1 Qg5 26.Qe1 Bd8 27.Bxe4 Nxe4 28.
Rxe4 Be7 29.Kg2 Qd5 0-1

[Event "32nd Rilton Cup"]
[Site "Stockholm SWE"]
[Date "2002.12.30"]
[Round "4.25"]
[White "Hunt, Harriet"]
[Black "Azizi, Haroon"]
[Result "1-0"]
[WhiteElo "2406"]
[BlackElo "2126"]
[EventDate "2002.12.27"]
[PlyCount "71"]

1.e4 Nf6 2.e5 Nd5 3.d4 d6 4.c4 Nb6 5.exd6 exd6 6.Be2 Be7 7.h3 O-O 8.Nf3 
Bf6 9.O-O Nc6 10.Nc3 Re8 11.b3 Bf5 12.Be3 h6 13.Qd2 Qd7 14.Nh2 Rad8 15.Ng4
Bxg4 16.Bxg4 Qe7 17.Rae1 Qf8 18.Bf3 a6 19.Re2 g5 20.Qd3 Bg7 21.g4 Rb8 22.
Be4 Kh8 23.f4 Rxe4 24.Nxe4 d5 25.Ng3 dxc4 26.bxc4 gxf4 27.Rxf4 Rd8 28.d5 
Ne5 29.Qc2 Ng6 30.Re4 Nd7 31.Nh5 Qd6 32.Nxg7 Kxg7 33.Bd4+ Kh7 34.Qd3 c6 
35.Re7 Rf8 36.R2e6 1-0

[Event "32nd Rilton Cup"]
[Site "Stockholm SWE"]
[Date "2002.12.31"]
[Round "5.2"]
[White "Vasquez Schroder, Rodrigo"]
[Black "Gallagher, Joseph"]
[Result "1/2-1/2"]
[WhiteElo "2481"]
[BlackElo "2540"]
[EventDate "2002.12.27"]
[PlyCount "25"]

1.e4 d6 2.d4 Nf6 3.Nc3 g6 4.g3 Bg7 5.Bg2 O-O 6.Nge2 e5 7.h3 Nc6 8.Be3 Bd7 
9.O-O exd4 10.Nxd4 Re8 11.Re1 a6 12.a4 Na5 13.Bf4 1/2-1/2

[Event "32nd Rilton Cup"]
[Site "Stockholm SWE"]
[Date "2002.12.31"]
[Round "5.3"]
[White "Barkhagen, Jonas"]
[Black "Wedberg, Tom"]
[Result "1/2-1/2"]
[WhiteElo "2458"]
[BlackElo "2530"]
[EventDate "2002.12.27"]
[PlyCount "21"]

1.d4 Nf6 2.c4 e6 3.Nc3 Bb4 4.Qc2 O-O 5.a3 Bxc3+ 6.Qxc3 b6 7.Bg5 Ba6 8.Qf3 
Nc6 9.e3 h6 10.Bxf6 Qxf6 11.Qxf6 1/2-1/2

[Event "32nd Rilton Cup"]
[Site "Stockholm SWE"]
[Date "2002.12.31"]
[Round "5.4"]
[White "Furhoff, Johan"]
[Black "Handke, Florian"]
[Result "1/2-1/2"]
[WhiteElo "2302"]
[BlackElo "2504"]
[EventDate "2002.12.27"]
[PlyCount "71"]

1.e4 c5 2.Nf3 e6 3.d4 cxd4 4.Nxd4 a6 5.Bd3 Nf6 6.O-O Qc7 7.Qe2 d6 8.c4 g6 
9.Nc3 Bg7 10.Bg5 O-O 11.Rac1 Nbd7 12.Rfd1 b6 13.Qd2 Bb7 14.Bh6 Rac8 15.
Bxg7 Kxg7 16.f3 Rfd8 17.Be2 h6 18.Kh1 Ne5 19.b3 Qb8 20.Qe3 Ba8 21.Rf1 Re8 
22.f4 Ned7 23.Bd3 e5 24.Nde2 exf4 25.Qxf4 Re5 26.Nd5 Bxd5 27.exd5 b5 28.
Nd4 bxc4 29.Nc6 Qb6 30.Nxe5 dxe5 31.Qf3 cxd3 32.Rxc8 e4 33.Qd1 Ne5 34.Qa1 
Qd6 35.Rd8 Qc7 36.d6 1/2-1/2

[Event "32nd Rilton Cup"]
[Site "Stockholm SWE"]
[Date "2002.12.31"]
[Round "5.5"]
[White "Djurhuus, Rune"]
[Black "Bellon Lopez, Juan Manuel"]
[Result "1-0"]
[WhiteElo "2479"]
[BlackElo "2428"]
[EventDate "2002.12.27"]
[PlyCount "81"]

1.d4 Nf6 2.c4 c5 3.d5 e5 4.Nc3 d6 5.e4 Be7 6.h3 O-O 7.Nf3 Ne8 8.Be3 g6 9.
g4 Ng7 10.Rg1 Nd7 11.Qd2 a6 12.a4 Nf6 13.Be2 Kh8 14.Ng5 Ng8 15.f4 exf4 16.
Bxf4 Bd7 17.Nf3 Qc7 18.e5 dxe5 19.Bxe5 Bd6 20.Qf4 Bxe5 21.Nxe5 Ne8 22.
Nxf7+ Kg7 23.Qxc7 Nxc7 24.Ne5 Rad8 25.a5 Nf6 26.Nd3 Rc8 27.Nxc5 Rfe8 28.g5
Ncxd5 29.Nxd7 Nxd7 30.cxd5 Re3 31.Kf2 Rxh3 32.Bg4 Rh2+ 33.Rg2 Rf8+ 34.Kg3 
Rxg2+ 35.Kxg2 Ne5 36.Kg3 Nc4 37.Ne4 Nxb2 38.Rc1 h5 39.Be6 h4+ 40.Kh2 Rf4 
41.Rc7+ 1-0

[Event "32nd Rilton Cup"]
[Site "Stockholm SWE"]
[Date "2002.12.31"]
[Round "5.7"]
[White "Shumiakina, Tatania"]
[Black "Berg, Emanuel"]
[Result "1/2-1/2"]
[WhiteElo "2364"]
[BlackElo "2535"]
[EventDate "2002.12.27"]
[PlyCount "52"]

1.d4 e6 2.c4 Nf6 3.Nc3 Bb4 4.Qc2 O-O 5.a3 Bxc3+ 6.Qxc3 b6 7.Bg5 Ba6 8.e3 
d6 9.Bd3 Nbd7 10.Ne2 c5 11.Qc2 h6 12.Bh4 Rc8 13.Qa4 Bb7 14.O-O Bc6 15.Qd1 
Qc7 16.Nc3 Qb7 17.f3 d5 18.Qe2 Qa8 19.Rad1 cxd4 20.exd4 dxc4 21.Bxc4 Nd5 
22.Nxd5 Bxd5 23.Bb5 Bc6 24.Ba6 Bb7 25.Bb5 Bc6 26.Ba6 Bb7 1/2-1/2

[Event "32nd Rilton Cup"]
[Site "Stockholm SWE"]
[Date "2002.12.31"]
[Round "5.8"]
[White "Brynell, Stellan"]
[Black "Mertanen, Janne"]
[Result "1-0"]
[WhiteElo "2524"]
[BlackElo "2241"]
[EventDate "2002.12.27"]
[PlyCount "77"]

1.e4 c5 2.c3 d6 3.d4 Nf6 4.Bd3 e5 5.dxe5 dxe5 6.Nf3 Nc6 7.O-O Be7 8.a4 O-O
9.Na3 Qc7 10.Qc2 Bg4 11.Nd2 Rad8 12.Ndc4 Rfe8 13.Ne3 Be6 14.Bc4 Na5 15.
Bxe6 fxe6 16.Nac4 Nc6 17.f3 Kh8 18.Bd2 Rd7 19.Rfd1 Red8 20.Be1 Rxd1 21.
Rxd1 Rxd1 22.Qxd1 Kg8 23.Qb3 Kf7 24.Bg3 Nh5 25.Ng4 Nxg3 26.hxg3 h5 27.Nf2 
Qd7 28.Qb5 Ke8 29.Kf1 Kd8 30.Ke2 Qc7 31.Nd3 a6 32.Qb3 g5 33.Na3 Kd7 34.Qd1
Ke8 35.Qh1 h4 36.gxh4 gxh4 37.Qc1 Qa5 38.Qh6 Qxa4 39.Qxe6 1-0

[Event "32nd Rilton Cup"]
[Site "Stockholm SWE"]
[Date "2002.12.31"]
[Round "5.10"]
[White "Ernst, Thomas"]
[Black "Hermansson, Emil"]
[Result "1/2-1/2"]
[WhiteElo "2450"]
[BlackElo "2370"]
[EventDate "2002.12.27"]
[PlyCount "163"]

1.d4 d5 2.c4 c6 3.Nf3 Nf6 4.Qc2 g6 5.Bf4 Bg7 6.e3 O-O 7.Nc3 c5 8.dxc5 Qa5 
9.Rd1 dxc4 10.Bxc4 Nc6 11.O-O Qxc5 12.Qe2 e5 13.Bg3 Bg4 14.Bd3 Rfe8 15.Ne4
Nxe4 16.Bxe4 Qb4 17.Bxc6 bxc6 18.h3 Bf5 19.Rfe1 f6 20.e4 Be6 21.b3 a5 22.
Rc1 Rec8 23.Rc2 a4 24.Qd2 Bf8 25.Qxb4 Bxb4 26.Rb1 axb3 27.axb3 Ra3 28.Nd2 
Bxd2 29.Rxd2 Rxb3 30.Rxb3 Bxb3 31.Rd6 c5 32.Rxf6 c4 33.Bxe5 c3 34.Bxc3 
Rxc3 35.Rb6 Bf7 36.Kh2 Rc4 37.f3 Rc2 38.Kg3 Rd2 39.Rc6 g5 40.Rc1 Be6 41.
Rg1 Re2 42.h4 g4 43.Rb1 gxf3 44.gxf3 Kg7 45.Rb7+ Bf7 46.Kf4 Rh2 47.Kg3 Rh1
48.f4 Rg1+ 49.Kf3 Rf1+ 50.Kg3 h5 51.f5 Kf8 52.Rb2 Ke7 53.Rb7+ Ke8 54.Rb8+ 
Kd7 55.Rb7+ Ke8 56.Rb8+ Ke7 57.Rb7+ Kf8 58.Rb2 Kg7 59.Rb7 Kg8 60.Rb8+ Kh7 
61.Rb7 Kg7 62.Ra7 Kf8 63.Ra3 Be8 64.Rf3 Rg1+ 65.Kf4 Rg4+ 66.Ke5 Rxh4 67.
Rc3 Kg7 68.Rg3+ Rg4 69.Rxg4+ hxg4 70.Kf4 Bh5 71.e5 Kf7 72.Kg3 Ke8 73.Kh4 
Kd7 74.Kg3 Ke8 75.Kh4 Kf7 76.Kg3 Kg7 77.Kh4 Kh6 78.e6 Kg7 79.e7 Kf7 80.f6 
Kxf6 81.e8=Q Bxe8 82.Kxg4 1/2-1/2

[Event "32nd Rilton Cup"]
[Site "Stockholm SWE"]
[Date "2002.12.31"]
[Round "5.11"]
[White "Fries-Nielsen, Jens Ove"]
[Black "Lehtinen, Hekki"]
[Result "1/2-1/2"]
[WhiteElo "2444"]
[BlackElo "2332"]
[EventDate "2002.12.27"]
[PlyCount "104"]

1.d4 d6 2.e4 g6 3.Nc3 Bg7 4.h3 Nf6 5.g4 c5 6.dxc5 Qa5 7.Bg2 Qxc5 8.Nge2 
Nc6 9.Be3 Qa5 10.O-O O-O 11.Nf4 Nd7 12.Bd2 Nde5 13.Ncd5 Qd8 14.Bc3 b5 15.
Nd3 e6 16.N5b4 Nxb4 17.Bxb4 Bb7 18.Nxe5 Bxe5 19.Qd2 a5 20.Bc3 Qc7 21.Bxe5 
dxe5 22.Rfd1 Rfd8 23.Qe2 b4 24.Rxd8+ Rxd8 25.a3 Qc5 26.axb4 axb4 27.g5 Rc8
28.Qd2 Qd4 29.Qxd4 exd4 30.Ra7 Bc6 31.b3 Bb5 32.Rb7 Rc5 33.Rb8+ Kg7 34.f4 
h6 35.h4 hxg5 36.hxg5 e5 37.f5 Be2 38.f6+ Kh7 39.Rb7 Kg8 40.Rb8+ Kh7 41.
Rf8 Rc7 42.Bf1 d3 43.cxd3 Rc1 44.Kf2 Bxf1 45.Rxf7+ Kg8 46.Rb7 Bxd3 47.Rxb4
Rc7 48.Ke3 Ba6 49.Rb6 Bc8 50.Rb5 Rb7 51.Rxe5 Rxb3+ 52.Kf4 Bb7 1/2-1/2

[Event "32nd Rilton Cup"]
[Site "Stockholm SWE"]
[Date "2002.12.31"]
[Round "5.12"]
[White "Spielmann, Alain"]
[Black "Karttunen, Mika"]
[Result "0-1"]
[WhiteElo "2308"]
[BlackElo "2413"]
[EventDate "2002.12.27"]
[PlyCount "72"]

1.d4 Nf6 2.Nf3 g6 3.c4 c5 4.Nc3 Bg7 5.d5 d6 6.e4 O-O 7.h3 b5 8.cxb5 a6 9.
a4 Bb7 10.bxa6 Nxa6 11.Bc4 Nb4 12.O-O Ba6 13.Bxa6 Rxa6 14.Re1 Nd7 15.Qe2 
Nb6 16.Rd1 Qd7 17.e5 Nxa4 18.e6 fxe6 19.Nxa4 Rxa4 20.Rxa4 Qxa4 21.Qxe6+ 
Kh8 22.Rf1 Qb3 23.Ng5 Qxd5 24.Qxe7 Nc6 25.Qd7 Nd4 26.Re1 Qf5 27.Qxf5 Nxf5 
28.Nf3 d5 29.g4 Nd6 30.Kg2 Kg8 31.Rd1 d4 32.b4 cxb4 33.Nxd4 Ne4 34.Be3 Rd8
35.f3 Nc3 36.Rd2 Bxd4 0-1

[Event "32nd Rilton Cup"]
[Site "Stockholm SWE"]
[Date "2002.12.31"]
[Round "5.13"]
[White "Nygren, Kim"]
[Black "Gleizerov, Evgeny"]
[Result "0-1"]
[WhiteElo "2202"]
[BlackElo "2581"]
[EventDate "2002.12.27"]
[PlyCount "72"]

1.e4 e6 2.d4 d5 3.Nc3 Nf6 4.Bg5 Be7 5.e5 Nfd7 6.h4 a6 7.Nf3 c5 8.dxc5 Nc6 
9.Qd2 Ndxe5 10.Nxe5 Nxe5 11.Bxe7 Qxe7 12.O-O-O O-O 13.Re1 Qc7 14.Rh3 f6 
15.f4 Ng6 16.h5 Ne7 17.Bd3 Qxc5 18.h6 g6 19.f5 e5 20.g4 Bd7 21.fxg6 hxg6 
22.h7+ Kh8 23.Rh6 e4 24.Bxe4 dxe4 25.Nxe4 Qd5 26.Qb4 Nc6 27.Qxb7 Rfb8 28.
Qc7 Qxa2 29.Rxg6 Qxb2+ 30.Kd2 Qd4+ 31.Kc1 Rb1+ 32.Kxb1 Qb4+ 33.Ka2 Be6+ 
34.Ka1 Qa3+ 35.Kb1 Ba2+ 36.Ka1 Bb3+ 0-1

[Event "32nd Rilton Cup"]
[Site "Stockholm SWE"]
[Date "2002.12.31"]
[Round "5.14"]
[White "Lindberg, Bengt"]
[Black "Ulybin, Mikhail"]
[Result "1-0"]
[WhiteElo "2382"]
[BlackElo "2581"]
[EventDate "2002.12.27"]
[PlyCount "115"]

1.e4 e6 2.d4 d5 3.Nc3 Nf6 4.Bg5 Be7 5.e5 Nfd7 6.Bxe7 Qxe7 7.f4 O-O 8.Nf3 
c5 9.dxc5 Nc6 10.Qd2 Nxc5 11.O-O-O a6 12.Bd3 b5 13.Kb1 Bb7 14.h4 b4 15.Ne2
a5 16.Ned4 Ne4 17.Qe3 Nxd4 18.Qxd4 a4 19.Ng5 Rfd8 20.Qe3 d4 21.Qc1 Nf2 22.
Bxh7+ Kf8 23.Rhf1 Nxd1 24.Qxd1 b3 25.Qh5 bxa2+ 26.Ka1 a3 27.b3 Qc7 28.Kxa2
Bd5 29.Bd3 Rab8 30.Rb1 Rb7 31.Qh8+ Ke7 32.Qxg7 Rf8 33.Nh7 Rfb8 34.Qg5+ Kd7
35.Nf6+ Kc6 36.Qg3 Qa5 37.Nxd5 Qxd5 38.Qe1 Qc5 39.Qe2 Kd7 40.g4 Rh8 41.h5 
Ke7 42.f5 exf5 43.gxf5 Kd8 44.Qg2 Re7 45.Qa8+ Qc8 46.Qd5+ Rd7 47.Qe4 Qc5 
48.e6 fxe6 49.fxe6 Ra7 50.Qh4+ Re7 51.h6 Kc7 52.Qf6 Ree8 53.h7 Qd6 54.Rg1 
Qc5 55.Rg7+ Kb6 56.Qf7 Ka5 57.Qb7 Rb8 58.b4+ 1-0

[Event "32nd Rilton Cup"]
[Site "Stockholm SWE"]
[Date "2002.12.31"]
[Round "5.15"]
[White "Popov, Valery"]
[Black "Lundvik, Jonas"]
[Result "1-0"]
[WhiteElo "2568"]
[BlackElo "2270"]
[EventDate "2002.12.27"]
[PlyCount "131"]

1.c4 Nf6 2.d4 c6 3.Nf3 d5 4.e3 e6 5.Bd3 Nbd7 6.O-O Be7 7.Nc3 dxc4 8.Bxc4 
b5 9.Bd3 Bb7 10.a3 a5 11.Bd2 b4 12.Na4 c5 13.dxc5 Nxc5 14.Nxc5 Bxc5 15.
Qa4+ Kf8 16.Qb5 Bxf3 17.Qxc5+ Kg8 18.Qc2 Rc8 19.Qb1 Be4 20.Bxe4 Nxe4 21.
Qxe4 Qxd2 22.axb4 Qxb4 23.Rfc1 Rf8 24.Qxb4 axb4 25.Ra4 g6 26.Rxb4 Kg7 27.
Kf1 Rc8 28.Rcc4 f5 29.Ke2 Kf6 30.Kd2 g5 31.Rxc8 Rxc8 32.Rd4 g4 33.b4 h5 
34.b5 Ke5 35.f4+ gxf3 36.gxf3 f4 37.Rxf4 Kd5 38.Rh4 Rh8 39.Kd3 Kc5 40.Re4 
Kd5 41.f4 h4 42.Re5+ Kd6 43.b6 Rb8 44.Rb5 Kc6 45.Rb2 Kb7 46.Ke4 h3 47.Kf3 
Rg8 48.e4 Rg7 49.f5 exf5 50.exf5 Rg5 51.f6 Rg6 52.f7 Rf6+ 53.Kg4 Rxf7 54.
Kxh3 Rg7 55.Kh4 Rg1 56.Kh5 Rg8 57.h4 Rg1 58.Kh6 Rg4 59.h5 Rg1 60.Kh7 Rg5 
61.h6 Rg1 62.Kh8 Rg6 63.h7 Rg3 64.Rd2 Kxb6 65.Rd8 Kc5 66.Rg8 1-0

[Event "32nd Rilton Cup"]
[Site "Stockholm SWE"]
[Date "2002.12.31"]
[Round "5.17"]
[White "Kovalevskaya, Ekaterina"]
[Black "Bjarnehag, Peter"]
[Result "1-0"]
[WhiteElo "2466"]
[BlackElo "2197"]
[EventDate "2002.12.27"]
[PlyCount "27"]

1.e4 Nf6 2.e5 Nd5 3.d4 d6 4.Nf3 dxe5 5.Nxe5 c6 6.Bc4 Be6 7.Bb3 Nd7 8.O-O 
Nc7 9.f4 g6 10.Bxe6 Nxe6 11.f5 gxf5 12.Nxf7 Kxf7 13.Qh5+ Kg8 14.Qxf5 1-0

[Event "32nd Rilton Cup"]
[Site "Stockholm SWE"]
[Date "2002.12.31"]
[Round "5.18"]
[White "Nybaeck, Tomi"]
[Black "Wikstroem, Joel"]
[Result "1-0"]
[WhiteElo "2445"]
[BlackElo "2185"]
[EventDate "2002.12.27"]
[PlyCount "93"]

1.Nf3 c5 2.c4 Nc6 3.Nc3 e5 4.g3 g6 5.Bg2 Bg7 6.O-O Nge7 7.d3 O-O 8.Ne1 d6 
9.Nc2 Be6 10.Ne3 Rb8 11.Ned5 a6 12.a4 b6 13.Nxe7+ Nxe7 14.a5 b5 15.cxb5 
axb5 16.a6 d5 17.Bg5 f6 18.a7 Ra8 19.Be3 b4 20.Na4 Rxa7 21.Bxc5 Rb7 22.Qb3
Re8 23.Bxe7 Rbxe7 24.Qxb4 Bf7 25.Rfc1 f5 26.Rc6 Rc7 27.Rac1 Rxc6 28.Rxc6 
Qa8 29.Rc7 e4 30.d4 Bf8 31.Qb5 Rc8 32.Rxc8 Qxc8 33.Nc3 Qa8 34.Bf1 Bd6 35.
e3 g5 36.Qd7 Bb4 37.Qxf5 h6 38.Qf6 Bf8 39.Qa6 Qb8 40.Bb5 Qd8 41.Bc6 Bb4 
42.Qa8 Qxa8 43.Bxa8 Bxc3 44.bxc3 Kg7 45.Kg2 Kf6 46.f3 exf3+ 47.Kxf3 1-0

[Event "32nd Rilton Cup"]
[Site "Stockholm SWE"]
[Date "2002.12.31"]
[Round "5.26"]
[White "Aagaard, Jacob"]
[Black "Ask, Josef"]
[Result "1-0"]
[WhiteElo "2371"]
[BlackElo "2128"]
[EventDate "2002.12.27"]
[PlyCount "69"]

1.e4 e5 2.Nf3 Nc6 3.Bb5 a6 4.Ba4 Nf6 5.O-O b5 6.Bb3 Be7 7.Re1 d6 8.c3 O-O 
9.h3 Na5 10.Bc2 c5 11.d4 Qc7 12.Nbd2 Nc6 13.d5 Nd8 14.a4 Rb8 15.Nf1 Ne8 
16.Ng3 g6 17.axb5 axb5 18.Nh2 Bh4 19.Nhf1 Ng7 20.f4 exf4 21.Bxf4 f6 22.Kh2
Nf7 23.Nd2 Bg5 24.Rf1 Bd7 25.Qe2 Ra8 26.Rxa8 Rxa8 27.Bxg5 fxg5 28.e5 Nxe5 
29.Nde4 g4 30.Nf6+ Kh8 31.Qd2 Nf5 32.hxg4 Nxg3 33.Kxg3 Kg7 34.Nh5+ Kg8 35.
Qh6 1-0

[Event "32nd Rilton Cup"]
[Site "Stockholm SWE"]
[Date "2002.12.31"]
[Round "5.33"]
[White "Luukkonen, Tommi"]
[Black "Lindberg, Henrik"]
[Result "1-0"]
[WhiteElo "2081"]
[BlackElo "2218"]
[EventDate "2002.12.27"]
[PlyCount "57"]

1.e4 c5 2.Nf3 Nc6 3.d4 cxd4 4.Nxd4 g6 5.c4 Bg7 6.Be3 Nf6 7.Nc3 O-O 8.Be2 
d6 9.O-O Bd7 10.f3 Qb6 11.Qd3 Qxb2 12.Rab1 Qa3 13.Rxb7 Rfc8 14.f4 Qa6 15.
Rfb1 Na5 16.R7b4 Rc7 17.e5 dxe5 18.fxe5 Ne8 19.Nd5 Rc5 20.Nf3 Rxd5 21.cxd5
Qc8 22.Rc1 Qd8 23.Rc5 Bc8 24.Qb5 Nb7 25.Rxc8 Rxc8 26.Qxb7 Rc2 27.Nd4 Rc7 
28.Nc6 Qd7 29.Qa8 1-0

[Event "32nd Rilton Cup"]
[Site "Stockholm SWE"]
[Date "2003.01.02"]
[Round "6.3"]
[White "Gallagher, Joseph"]
[Black "Djurhuus, Rune"]
[Result "1-0"]
[WhiteElo "2540"]
[BlackElo "2479"]
[EventDate "2002.12.27"]
[PlyCount "103"]

1.d4 d5 2.c4 e6 3.Nc3 c6 4.e3 f5 5.Bd3 Nf6 6.Qc2 Be7 7.Nf3 O-O 8.O-O Bd7 
9.Bd2 Be8 10.Rfc1 Ne4 11.Be1 Nd7 12.Qb3 Qb6 13.Nd2 Nxd2 14.Bxd2 Qxb3 15.
axb3 a6 16.Ne2 g5 17.f3 Bg6 18.b4 dxc4 19.Bxc4 Bf7 20.e4 fxe4 21.fxe4 e5 
22.Bxf7+ Rxf7 23.b5 cxb5 24.Rc7 Nf6 25.Bxg5 exd4 26.Rxe7 Rxe7 27.Bxf6 Rxe4
28.Ng3 Rf4 29.Be5 Rg4 30.h3 Rg5 31.Bf4 Rc5 32.Rd1 Rd8 33.Ne4 Rc2 34.Bg5 
Rf8 35.b3 Kf7 36.Rxd4 Ke6 37.Bh6 Rg8 38.Nf2 a5 39.Bf4 Ra8 40.Rd6+ Ke7 41.
Rb6 a4 42.Rxb7+ Ke6 43.Rb6+ Kf5 44.Bb8 Rxb8 45.Rxb8 a3 46.Rxb5+ Kf4 47.
Nd3+ Kg3 48.Rg5+ Kh4 49.Ra5 Kg3 50.Rg5+ Kh4 51.Rg4+ Kh5 52.Ra4 1-0

[Event "32nd Rilton Cup"]
[Site "Stockholm SWE"]
[Date "2003.01.02"]
[Round "6.4"]
[White "Wedberg, Tom"]
[Black "Von Bahr, Oskar"]
[Result "1-0"]
[WhiteElo "2530"]
[BlackElo "2320"]
[EventDate "2002.12.27"]
[PlyCount "51"]

1.e4 c5 2.Nf3 d6 3.d4 cxd4 4.Nxd4 Nf6 5.Nc3 Nc6 6.Bc4 Qb6 7.Ndb5 a6 8.Be3 
Qa5 9.Nd4 e6 10.O-O Be7 11.Bb3 O-O 12.Kh1 Bd7 13.f4 Nxd4 14.Qxd4 e5 15.
fxe5 dxe5 16.Qd3 Rad8 17.Nd5 Nxd5 18.Bxd5 Be6 19.c4 Qc7 20.c5 Bxd5 21.exd5
e4 22.Qd4 Rfe8 23.d6 Qc6 24.Rad1 Bf6 25.Rxf6 gxf6 26.Qxf6 1-0

[Event "32nd Rilton Cup"]
[Site "Stockholm SWE"]
[Date "2003.01.02"]
[Round "6.5"]
[White "Karttunen, Mika"]
[Black "Brynell, Stellan"]
[Result "0-1"]
[WhiteElo "2413"]
[BlackElo "2524"]
[EventDate "2002.12.27"]
[PlyCount "118"]

1.c4 Nf6 2.g3 c6 3.Bg2 d5 4.Nf3 dxc4 5.Qc2 Qd5 6.Nc3 Qh5 7.h3 Na6 8.b3 
cxb3 9.Qxb3 g6 10.d4 Qa5 11.Ng5 e6 12.O-O Bg7 13.e4 O-O 14.e5 Nd5 15.Nce4 
c5 16.Ba3 h6 17.Nf3 c4 18.Qb2 Rd8 19.Bd6 Nab4 20.Bxb4 Qxb4 21.Qxb4 Nxb4 
22.Nd6 c3 23.Rfc1 Nd5 24.Ne4 Bd7 25.Nxc3 Nxc3 26.Rxc3 Bc6 27.a4 Bxf3 28.
Bxf3 Rxd4 29.Bxb7 Rb8 30.Rc8+ Rxc8 31.Bxc8 Bxe5 32.Ra2 a5 33.g4 Kg7 34.Kg2
Kf6 35.Ba6 Kg5 36.Bb5 Rb4 37.Re2 Bb8 38.Be8 Rf4 39.Bd7 Bd6 40.Bc6 Rb4 41.
Be8 Kf6 42.Bc6 Bc5 43.Be8 Ke7 44.Bc6 f5 45.gxf5 gxf5 46.Bd5 Rb6 47.Bc4 Kf6
48.Bb5 Rb7 49.f4 Bd6 50.Bc4 e5 51.fxe5+ Bxe5 52.Re3 Rb2+ 53.Kf1 Rb4 54.Bb5
f4 55.Rd3 Bd4 56.Ke2 Ke5 57.Kf3 Rb2 58.Bc6 h5 59.Rxd4 Rb3+ 0-1

[Event "32nd Rilton Cup"]
[Site "Stockholm SWE"]
[Date "2003.01.02"]
[Round "6.7"]
[White "Furhoff, Johan"]
[Black "Popov, Valery"]
[Result "1/2-1/2"]
[WhiteElo "2302"]
[BlackElo "2568"]
[EventDate "2002.12.27"]
[PlyCount "25"]

1.e4 c5 2.Nf3 d6 3.d4 Nf6 4.Nc3 cxd4 5.Nxd4 a6 6.Bg5 e6 7.f4 Qb6 8.Qd2 
Qxb2 9.Rb1 Qa3 10.f5 Nc6 11.fxe6 fxe6 12.Nxc6 bxc6 13.Be2 1/2-1/2

[Event "32nd Rilton Cup"]
[Site "Stockholm SWE"]
[Date "2003.01.02"]
[Round "6.9"]
[White "Berg, Emanuel"]
[Black "Nyysti, Sampsa"]
[Result "1-0"]
[WhiteElo "2535"]
[BlackElo "2410"]
[EventDate "2002.12.27"]
[PlyCount "49"]

1.e4 e5 2.Nf3 Nc6 3.Bb5 Nf6 4.O-O Nxe4 5.d4 Nd6 6.Bxc6 dxc6 7.dxe5 Nf5 8.
Qxd8+ Kxd8 9.Nc3 h6 10.h3 Bd7 11.Ne2 g5 12.b3 a5 13.Bb2 Rg8 14.Rad1 a4 15.
g4 Ng7 16.e6 fxe6 17.Ne5 Bd6 18.f4 axb3 19.axb3 Ra2 20.Nf7+ Ke7 21.Nxh6 
Rh8 22.Bxg7 Rh7 23.f5 exf5 24.gxf5 Bc5+ 25.Nd4 1-0

[Event "32nd Rilton Cup"]
[Site "Stockholm SWE"]
[Date "2003.01.02"]
[Round "6.10"]
[White "Hunt, Harriet"]
[Black "Kovalevskaya, Ekaterina"]
[Result "1/2-1/2"]
[WhiteElo "2406"]
[BlackElo "2466"]
[EventDate "2002.12.27"]
[PlyCount "71"]

1.e4 c5 2.Nf3 Nc6 3.Bb5 d6 4.O-O Bd7 5.Re1 a6 6.Bf1 Nf6 7.c3 Bg4 8.d3 Bxf3
9.Qxf3 g6 10.Qh3 Qd7 11.Qe3 Bg7 12.Nd2 O-O 13.f4 e5 14.Nc4 Rae8 15.Qf3 b5 
16.fxe5 Nh5 17.Nb6 Qd8 18.Nd5 Nxe5 19.Qh3 f5 20.Bd2 fxe4 21.dxe4 Qb8 22.
Rad1 Qb7 23.b3 Nf6 24.Nxf6+ Rxf6 25.a4 h5 26.axb5 axb5 27.Be2 Rfe6 28.Qg3 
Kh7 29.Rf1 c4 30.bxc4 bxc4 31.Rfe1 Qc6 32.Qh3 Kg8 33.Qg3 Kh7 34.Qh3 Kg8 
35.Qg3 Kh7 36.Qh3 1/2-1/2